| 000 | 00475nam a2200181Ia 4500 | ||
|---|---|---|---|
| 001 | 23969 | ||
| 005 | 20260414151012.0 | ||
| 008 | 260414t2004||||xx |||||||||||||| ||spa|| | ||
| 041 | _aESP | ||
| 082 |
_a727.8209 _bM96 |
||
| 100 |
_aMuñoz Cosme, Alfonso _eAUT |
||
| 245 | 0 |
_aLos espacios del saber : _bhistoria de la arquitectura de las bibliotecas |
|
| 260 | _c2004 | ||
| 300 |
_a429 páginas : _c22 cm. |
||
| 650 | _aABD | ||
| 654 | _aCAU | ||
| 942 |
_cLIB _dJUS _fJUS _2ddc _n |
||
| 999 |
_c23969 _d23969 |
||